| 000 | 00516nam a2200193Ia 4500 | ||
|---|---|---|---|
| 008 | 140306s9999 xx 000 0 und d | ||
| 020 | _a516238558 | ||
| 050 |
_aQL 950.6 _b.F68 1998 |
||
| 100 | _aFowler, Allan | ||
| 245 |
_aTelling tails / _cAllan Fowler. |
||
| 260 |
_aNew York : _bScholastic Inc., _cc1998. |
||
| 300 |
_a31 p. : _bcol. ill. ; _c16 cm. |
||
| 521 | _aG3 | ||
| 526 | _c520 | ||
| 650 |
_aAnimals _xHabits and behavior. |
||
| 650 |
_aTail _xJuvenile literature. |
||
| 942 | _cBK | ||
| 999 |
_c42824 _d42824 |
||